| 000 | 006200000a22001930004500 | ||
|---|---|---|---|
| 001 | 768714001 | ||
| 003 | CO-MdFUSB | ||
| 005 | 20170701113151.0 | ||
| 008 | 170701s2003 cr ||||| |||| 00| 0 s d | ||
| 040 |
_cCO-MdFUSB _dCO-MdFUSB _aCO-MdFUSB _bspa |
||
| 041 | _aspa | ||
| 100 | 1 |
_aHenning, Stevan. _eautor |
|
| 245 | 1 | 0 |
_aMetáforas Bíblicas: _bCalvinismo y Arminianismo |
| 300 |
_aVolumen 5. Número 2 (2003), Páginas 89-96 _c21 cm. |
||
| 546 | _aTexto en español | ||
| 650 | 1 | 4 | _aCALVINISMO |
| 773 | 0 |
_tRevista Reforma Siglo 21 _049443 _960196 _gVolumen 5. Número 2 (2003), Página 89-96 _qPágina 89 |
|
| 942 | _cANA | ||
| 999 |
_c63412 _d63412 |
||